AU LIBRARIES
Centralized Library System Across Seven Campuses

Doing Research To Improve Teaching And Learning (Record no. 47552)

MARC details
000 -LEADER
fixed length control field 00458nam a2200157 4500
005 - DATE AND TIME OF LATEST TRANSACTION
control field 20260507122250.0
008 - FIXED-LENGTH DATA ELEMENTS--GENERAL INFORMATION
fixed length control field 260507b |||||||| |||| 00| 0 eng d
020 ## - INTERNATIONAL STANDARD BOOK NUMBER
ISBN 9781138020917
082 ## - DEWEY DECIMAL CLASSIFICATION NUMBER
Classification number 378.1
Author Mark WIL-D
100 ## - MAIN ENTRY--AUTHOR
Author Name William Kemberly M.
245 ## - TITLE STATEMENT
Title Doing Research To Improve Teaching And Learning
Sub-Title A Guide For College And University Faculty
260 ## - PUBLICATION, DISTRIBUTION, ETC.
Place of Publication New York
Name of publisher, distributor, etc. Routledge Publishers
300 ## - PHYSICAL DESCRIPTION
Pages 225p
650 ## - SUBJECT ADDED ENTRY--TOPICAL TERM
Subject / Department Education
942 ## - ADDED ENTRY ELEMENTS (KOHA)
Koha item type Book
Holdings
Withdrawn status Lost status Damaged status Not for loan Collection code Permanent Location Current Location Shelving Location Date acquired Source of acquisition Inventory number Total Checkouts Full Call Number Accession No./Barcode Date last seen Koha item type
        Education Air University H-11 Campus Islamabad Air University H-11 Campus Islamabad Education 05/07/2026 Ali Book Services AUH11-01   378.1 WIL-D AUHEP0156 05/07/2026 Book
Air University Sector E-9, Islamabad Pakistan
Email: librarian@au.edu.pk  Tel : +0092 51 9262612 Ext: 631